<?xml version="1.0" encoding="UTF-8"?>
<record
    xmlns:xsi="http://www.w3.org/2001/XMLSchema-instance"
    xsi:schemaLocation="http://www.loc.gov/MARC21/slim http://www.loc.gov/standards/marcxml/schema/MARC21slim.xsd"
    xmlns="http://www.loc.gov/MARC21/slim">

  <leader>00468nam a22001697a 4500</leader>
  <controlfield tag="005">20240411101349.0</controlfield>
  <controlfield tag="008">240411b        |||||||| |||| 00| 0 eng d</controlfield>
  <datafield tag="022" ind1=" " ind2=" ">
    <subfield code="a">0258249X </subfield>
  </datafield>
  <datafield tag="041" ind1=" " ind2=" ">
    <subfield code="a">English </subfield>
  </datafield>
  <datafield tag="082" ind1=" " ind2=" ">
    <subfield code="a">349 IND</subfield>
  </datafield>
  <datafield tag="100" ind1=" " ind2=" ">
    <subfield code="l">English </subfield>
  </datafield>
  <datafield tag="245" ind1=" " ind2=" ">
    <subfield code="a">Industrial Law Journal </subfield>
  </datafield>
  <datafield tag="260" ind1=" " ind2=" ">
    <subfield code="a">Cape Town: </subfield>
    <subfield code="b">Juta and Company Ltd, </subfield>
    <subfield code="c">2019</subfield>
  </datafield>
  <datafield tag="300" ind1=" " ind2=" ">
    <subfield code="b">viii, 277 pages ; </subfield>
    <subfield code="c">25 cm. </subfield>
  </datafield>
  <datafield tag="650" ind1=" " ind2=" ">
    <subfield code="a">Legal practice </subfield>
    <subfield code="b">Law</subfield>
  </datafield>
  <datafield tag="942" ind1=" " ind2=" ">
    <subfield code="c">BK</subfield>
    <subfield code="6">ALISON_BN_VRIES</subfield>
  </datafield>
  <datafield tag="999" ind1=" " ind2=" ">
    <subfield code="c">1503</subfield>
    <subfield code="d">1503</subfield>
  </datafield>
  <datafield tag="952" ind1=" " ind2=" ">
    <subfield code="0">0</subfield>
    <subfield code="1">0</subfield>
    <subfield code="2">ddc</subfield>
    <subfield code="4">0</subfield>
    <subfield code="6">349_000000000000000_IND</subfield>
    <subfield code="7">0</subfield>
    <subfield code="8">SER</subfield>
    <subfield code="9">3160</subfield>
    <subfield code="a">LSN</subfield>
    <subfield code="b">LSN</subfield>
    <subfield code="c">ILJ</subfield>
    <subfield code="d">2024-04-11</subfield>
    <subfield code="l">0</subfield>
    <subfield code="o">349 IND</subfield>
    <subfield code="p">LSN/2023/1306</subfield>
    <subfield code="r">2024-04-11 00:00:00</subfield>
    <subfield code="w">2024-04-11</subfield>
    <subfield code="y">BK</subfield>
  </datafield>
  <datafield tag="952" ind1=" " ind2=" ">
    <subfield code="0">0</subfield>
    <subfield code="1">0</subfield>
    <subfield code="2">ddc</subfield>
    <subfield code="4">0</subfield>
    <subfield code="6">349_000000000000000_IND</subfield>
    <subfield code="7">0</subfield>
    <subfield code="8">SER</subfield>
    <subfield code="9">3161</subfield>
    <subfield code="a">LSN</subfield>
    <subfield code="b">LSN</subfield>
    <subfield code="c">ILJ</subfield>
    <subfield code="d">2024-04-11</subfield>
    <subfield code="l">0</subfield>
    <subfield code="o">349 IND </subfield>
    <subfield code="p">LSN/2023/1307</subfield>
    <subfield code="r">2024-04-11 00:00:00</subfield>
    <subfield code="w">2024-04-11</subfield>
    <subfield code="y">BK</subfield>
  </datafield>
  <datafield tag="952" ind1=" " ind2=" ">
    <subfield code="0">0</subfield>
    <subfield code="1">0</subfield>
    <subfield code="2">ddc</subfield>
    <subfield code="4">0</subfield>
    <subfield code="6">349_000000000000000_IND</subfield>
    <subfield code="7">0</subfield>
    <subfield code="8">SER</subfield>
    <subfield code="9">3162</subfield>
    <subfield code="a">LSN</subfield>
    <subfield code="b">LSN</subfield>
    <subfield code="c">ILJ</subfield>
    <subfield code="d">2024-04-11</subfield>
    <subfield code="l">0</subfield>
    <subfield code="o">349 IND </subfield>
    <subfield code="p">LSN/2023/1308</subfield>
    <subfield code="r">2024-04-11 00:00:00</subfield>
    <subfield code="w">2024-04-11</subfield>
    <subfield code="y">BK</subfield>
  </datafield>
  <datafield tag="952" ind1=" " ind2=" ">
    <subfield code="0">0</subfield>
    <subfield code="1">0</subfield>
    <subfield code="2">ddc</subfield>
    <subfield code="4">0</subfield>
    <subfield code="6">349_000000000000000_IND</subfield>
    <subfield code="7">0</subfield>
    <subfield code="8">SER</subfield>
    <subfield code="9">3163</subfield>
    <subfield code="a">LSN</subfield>
    <subfield code="b">LSN</subfield>
    <subfield code="c">ILJ</subfield>
    <subfield code="d">2024-04-11</subfield>
    <subfield code="l">0</subfield>
    <subfield code="o">349 IND </subfield>
    <subfield code="p">LSN/2023/1309</subfield>
    <subfield code="r">2024-04-11 00:00:00</subfield>
    <subfield code="w">2024-04-11</subfield>
    <subfield code="y">BK</subfield>
  </datafield>
  <datafield tag="952" ind1=" " ind2=" ">
    <subfield code="0">0</subfield>
    <subfield code="1">0</subfield>
    <subfield code="2">ddc</subfield>
    <subfield code="4">0</subfield>
    <subfield code="6">349_000000000000000_IND</subfield>
    <subfield code="7">0</subfield>
    <subfield code="8">SER</subfield>
    <subfield code="9">3164</subfield>
    <subfield code="a">LSN</subfield>
    <subfield code="b">LSN</subfield>
    <subfield code="c">ILJ</subfield>
    <subfield code="d">2024-04-11</subfield>
    <subfield code="l">0</subfield>
    <subfield code="o">349 IND </subfield>
    <subfield code="p">LSN/2023/1310</subfield>
    <subfield code="r">2024-04-11 00:00:00</subfield>
    <subfield code="w">2024-04-11</subfield>
    <subfield code="y">BK</subfield>
  </datafield>
  <datafield tag="952" ind1=" " ind2=" ">
    <subfield code="0">0</subfield>
    <subfield code="1">0</subfield>
    <subfield code="2">ddc</subfield>
    <subfield code="4">0</subfield>
    <subfield code="6">349_000000000000000_IND</subfield>
    <subfield code="7">0</subfield>
    <subfield code="8">SER</subfield>
    <subfield code="9">3165</subfield>
    <subfield code="a">LSN</subfield>
    <subfield code="b">LSN</subfield>
    <subfield code="c">ILJ</subfield>
    <subfield code="d">2024-04-11</subfield>
    <subfield code="l">0</subfield>
    <subfield code="o">349 IND </subfield>
    <subfield code="p">LSN/2023/1311</subfield>
    <subfield code="r">2024-04-11 00:00:00</subfield>
    <subfield code="w">2024-04-11</subfield>
    <subfield code="y">BK</subfield>
  </datafield>
  <datafield tag="952" ind1=" " ind2=" ">
    <subfield code="0">0</subfield>
    <subfield code="1">0</subfield>
    <subfield code="2">ddc</subfield>
    <subfield code="4">0</subfield>
    <subfield code="6">349_000000000000000_IND</subfield>
    <subfield code="7">0</subfield>
    <subfield code="8">SER</subfield>
    <subfield code="9">3166</subfield>
    <subfield code="a">LSN</subfield>
    <subfield code="b">LSN</subfield>
    <subfield code="c">ILJ</subfield>
    <subfield code="d">2024-04-11</subfield>
    <subfield code="l">0</subfield>
    <subfield code="o">349 IND </subfield>
    <subfield code="p">LSN/2023/1312</subfield>
    <subfield code="r">2024-04-11 00:00:00</subfield>
    <subfield code="w">2024-04-11</subfield>
    <subfield code="y">BK</subfield>
  </datafield>
  <datafield tag="952" ind1=" " ind2=" ">
    <subfield code="0">0</subfield>
    <subfield code="1">0</subfield>
    <subfield code="2">ddc</subfield>
    <subfield code="4">0</subfield>
    <subfield code="6">349_000000000000000_IND</subfield>
    <subfield code="7">0</subfield>
    <subfield code="8">SER</subfield>
    <subfield code="9">3167</subfield>
    <subfield code="a">LSN</subfield>
    <subfield code="b">LSN</subfield>
    <subfield code="c">ILJ</subfield>
    <subfield code="d">2024-04-11</subfield>
    <subfield code="l">0</subfield>
    <subfield code="o">349 IND </subfield>
    <subfield code="p">LSN/2023/1313</subfield>
    <subfield code="r">2024-04-11 00:00:00</subfield>
    <subfield code="w">2024-04-11</subfield>
    <subfield code="y">BK</subfield>
  </datafield>
  <datafield tag="952" ind1=" " ind2=" ">
    <subfield code="0">0</subfield>
    <subfield code="1">0</subfield>
    <subfield code="2">ddc</subfield>
    <subfield code="4">0</subfield>
    <subfield code="6">349_000000000000000_IND</subfield>
    <subfield code="7">0</subfield>
    <subfield code="8">SER</subfield>
    <subfield code="9">3168</subfield>
    <subfield code="a">LSN</subfield>
    <subfield code="b">LSN</subfield>
    <subfield code="c">ILJ</subfield>
    <subfield code="d">2024-04-11</subfield>
    <subfield code="l">0</subfield>
    <subfield code="o">349 IND </subfield>
    <subfield code="p">LSN/2023/1314</subfield>
    <subfield code="r">2024-04-11 00:00:00</subfield>
    <subfield code="w">2024-04-11</subfield>
    <subfield code="y">BK</subfield>
  </datafield>
  <datafield tag="952" ind1=" " ind2=" ">
    <subfield code="0">0</subfield>
    <subfield code="1">0</subfield>
    <subfield code="2">ddc</subfield>
    <subfield code="4">0</subfield>
    <subfield code="6">349_000000000000000_IND</subfield>
    <subfield code="7">0</subfield>
    <subfield code="8">SER</subfield>
    <subfield code="9">3169</subfield>
    <subfield code="a">LSN</subfield>
    <subfield code="b">LSN</subfield>
    <subfield code="c">ILJ</subfield>
    <subfield code="d">2024-04-11</subfield>
    <subfield code="l">0</subfield>
    <subfield code="o">349 IND </subfield>
    <subfield code="p">LSN/2023/1315</subfield>
    <subfield code="r">2024-04-11 00:00:00</subfield>
    <subfield code="w">2024-04-11</subfield>
    <subfield code="y">BK</subfield>
  </datafield>
  <datafield tag="952" ind1=" " ind2=" ">
    <subfield code="0">0</subfield>
    <subfield code="1">0</subfield>
    <subfield code="2">ddc</subfield>
    <subfield code="4">0</subfield>
    <subfield code="6">349_000000000000000_IND</subfield>
    <subfield code="7">0</subfield>
    <subfield code="8">SER</subfield>
    <subfield code="9">3170</subfield>
    <subfield code="a">LSN</subfield>
    <subfield code="b">LSN</subfield>
    <subfield code="c">ILJ</subfield>
    <subfield code="d">2024-04-11</subfield>
    <subfield code="l">0</subfield>
    <subfield code="o">349 IND </subfield>
    <subfield code="p">LSN/2023/1316</subfield>
    <subfield code="r">2024-04-11 00:00:00</subfield>
    <subfield code="w">2024-04-11</subfield>
    <subfield code="y">BK</subfield>
  </datafield>
  <datafield tag="952" ind1=" " ind2=" ">
    <subfield code="0">0</subfield>
    <subfield code="1">0</subfield>
    <subfield code="2">ddc</subfield>
    <subfield code="4">0</subfield>
    <subfield code="6">349_000000000000000_IND</subfield>
    <subfield code="7">0</subfield>
    <subfield code="8">SER</subfield>
    <subfield code="9">3171</subfield>
    <subfield code="a">LSN</subfield>
    <subfield code="b">LSN</subfield>
    <subfield code="c">ILJ</subfield>
    <subfield code="d">2024-04-11</subfield>
    <subfield code="l">0</subfield>
    <subfield code="o">349 IND </subfield>
    <subfield code="p">LSN/2023/1317</subfield>
    <subfield code="r">2024-04-11 00:00:00</subfield>
    <subfield code="w">2024-04-11</subfield>
    <subfield code="y">BK</subfield>
  </datafield>
</record>
